000 00658nam a2200229Ia 4500
003 OSt
005 20220923221818.0
006 a|||||r|||| 00| 0
007 ta
008 220922b |||||||| |||| 00| 0 hin d
024 _a200,231
037 _cTextual
040 _aARTS
_cARTS
_bhin
041 _2hin
_ahin
082 _aQ313:9, 152K2
100 _aनगराज
245 0 _aअहिंसा विवेक, महेन्द्र कुमार सम्पा
246 _aAhiansā viveka, hinendra kumār sampā
260 _c1962
942 _hQ313:9, 152K2
_cTEXL
_2CC
999 _c351903
_d351903